000 00652nam a2200205 i 4500
001 171337
003 ES-MaACL
005 20250808062802.0
008 090512s1969 sp |||| | spa d
100 0 _aAlejandro, José María de.
_919699
245 1 0 _aGnoseología /
_cpor José Mª de Alejandro.
260 _aMadrid :
_b[La Editorial Católica],
_c1969.
300 _aXXIV, 504 p., 1 h. ;
_c20 cm.
490 1 _aBiblioteca de autores cristianos ;
_v290
500 _aÍndices.
650 4 _aEpistemología.
_912338
830 0 0 _aBiblioteca de autores cristianos
_v290
_9178679
852 _aES-MaACL
_jJ-284
_9R.46092
999 _c171337
_d171337